000 00831nam a22002417a 4500
005 20170124105929.0
010 _aA-806300
020 _c00.00
_a0195036775
035 _aA-806300
037 _bCen Lib/Ret
040 _aDPL
_bEN
082 _a394.268283
_bTAS
100 _aTassy, Garcin de
_97700
245 _aMuslim festivals in india and other essays /
_cby Garcin de tassy; translated by M. Waseem
260 _aNew Delhi
_bOxford University Press
_c1995
270 _bNew Delhi
_aYMCA building, jai singh road
_e110001
300 _avii, 197p.
_c20cm(Hb)
500 _aIncludes appendix, bibliographical references and index
650 _aFasts and feasts -- Islam
_973815
650 _aIslam -- Religious festivals
_973816
700 _aM. Waseem
_973817
942 _2ddc
_cEN
_h394.268283
_mTAS
999 _c123689
_d123689